<?xml version="1.0" encoding="UTF-8"?>
<record
    xmlns:xsi="http://www.w3.org/2001/XMLSchema-instance"
    xsi:schemaLocation="http://www.loc.gov/MARC21/slim http://www.loc.gov/standards/marcxml/schema/MARC21slim.xsd"
    xmlns="http://www.loc.gov/MARC21/slim">

  <leader>01435nam a22002057a 4500</leader>
  <controlfield tag="008">170614s2016        mx||||| |||| 00| 0 spa d</controlfield>
  <datafield tag="082" ind1="0" ind2="4">
    <subfield code="a">701.18</subfield>
    <subfield code="b">G245p</subfield>
  </datafield>
  <datafield tag="110" ind1="1" ind2=" ">
    <subfield code="a">Cooperativa Cr&#xE1;ter Invertido.</subfield>
    <subfield code="9">5137</subfield>
  </datafield>
  <datafield tag="245" ind1="1" ind2="0">
    <subfield code="a">Br&#xFA;jula y puerto :</subfield>
    <subfield code="b">pr&#xE1;cticas imaginativas, territorios en disputa /</subfield>
    <subfield code="c">Cooperativa Cr&#xE1;ter Invertido.</subfield>
  </datafield>
  <datafield tag="246" ind1="0" ind2="1">
    <subfield code="a">Port and compass :</subfield>
    <subfield code="b">imaginative practices, disputed territories.</subfield>
  </datafield>
  <datafield tag="250" ind1=" " ind2=" ">
    <subfield code="a">1a ed.</subfield>
  </datafield>
  <datafield tag="260" ind1=" " ind2=" ">
    <subfield code="a">M&#xE9;xico :</subfield>
    <subfield code="b">Cooperativa Cr&#xE1;ter Invertido,</subfield>
    <subfield code="c">2016.</subfield>
  </datafield>
  <datafield tag="300" ind1=" " ind2=" ">
    <subfield code="a">178 p&#xE1;ginas :</subfield>
    <subfield code="b">ilustraciones en color.</subfield>
  </datafield>
  <datafield tag="500" ind1=" " ind2=" ">
    <subfield code="a">Publicado como parte del proyecto "Territories", creado por 6 organizaciones que forman parte de Artscollaboratory Ecosystem.</subfield>
  </datafield>
  <datafield tag="505" ind1="0" ind2=" ">
    <subfield code="t">Quisiera tener los pies llenos de tierra / I would like to have my feet cover with dirt</subfield>
    <subfield code="r">Aline Hern&#xE1;ndez.</subfield>
    <subfield code="t">Las artes, las ciencias, los pueblos originarios y s&#xF3;tanos del mundo / The arts, the sciences, the originary peoples and the basements of the world</subfield>
    <subfield code="r">Ej&#xE9;rcito Zapatista de Liberaci&#xF3;n Nacional.</subfield>
    <subfield code="t">El momento m&#xE1;s oscuro de la noche / The darkest moment of the night</subfield>
    <subfield code="r">Tania Ximena y Yollotl Alvarado.</subfield>
    <subfield code="t">Artista como agroec&#xF3;logo / The artist as agroecologist </subfield>
    <subfield code="r">Fernando Garc&#xED;a-Dory.</subfield>
    <subfield code="t">El lugar de una carta / Instead of a letter</subfield>
    <subfield code="r">Danilo Volpato.</subfield>
    <subfield code="t">Mut&#xF3; la radio / Radio mutate</subfield>
    <subfield code="r">Lorena Marin.</subfield>
  </datafield>
  <datafield tag="653" ind1="1" ind2="0">
    <subfield code="a">Arte contempor&#xE1;neo</subfield>
  </datafield>
  <datafield tag="653" ind1="1" ind2="0">
    <subfield code="a">Arte - Cr&#xED;tica y apreciaci&#xF3;n </subfield>
  </datafield>
  <datafield tag="653" ind1="1" ind2="0">
    <subfield code="a">Ensayos</subfield>
  </datafield>
  <datafield tag="653" ind1="1" ind2="0">
    <subfield code="a">Filosof&#xED;a del arte</subfield>
  </datafield>
  <datafield tag="999" ind1=" " ind2=" ">
    <subfield code="c">1196</subfield>
    <subfield code="d">1196</subfield>
  </datafield>
  <datafield tag="952" ind1=" " ind2=" ">
    <subfield code="0">0</subfield>
    <subfield code="1">0</subfield>
    <subfield code="2">ddc</subfield>
    <subfield code="4">0</subfield>
    <subfield code="7">0</subfield>
    <subfield code="a">LV</subfield>
    <subfield code="b">LV</subfield>
    <subfield code="c">Pensamiento</subfield>
    <subfield code="d">2017-06-14</subfield>
    <subfield code="l">0</subfield>
    <subfield code="o">701.18 G245p</subfield>
    <subfield code="p">004342</subfield>
    <subfield code="r">2017-06-14 00:00:00</subfield>
    <subfield code="w">2017-06-14</subfield>
    <subfield code="y">01</subfield>
  </datafield>
</record>
